[Event "TUR-chT 2nd League"]
[Site "Denizli"]
[Date "2024.07.19"]
[Round "6.10"]
[White "Koyuncu, Rahim Utku"]
[Black "Avcul, Tugrahan"]
[Result "1/2-1/2"]
[WhiteElo "1532"]
[BlackElo "1618"]
[PlyCount "29"]
[EventDate "2024.07.15"]
[EventType "team-swiss"]
[EventRounds "9"]
[EventCountry "TUR"]
[SourceTitle "EXT 2025"]
[Source "ChessBase"]
[SourceDate "2024.10.14"]
[SourceVersion "1"]
[SourceVersionDate "2024.10.14"]
[SourceQuality "1"]
[WhiteTeam "Karaman Tabduk Emre"]
[BlackTeam "Karaman Yunus Emre"]
[WhiteTeamCountry "TUR"]
[BlackTeamCountry "TUR"]

1. e4 e5 2. Nf3 Nc6 3. Bc4 Nf6 4. d3 Bc5 5. 0-0 0-0 6. c3 d6 7. d4 exd4 8. cxd4 Bb6 9. e5 dxe5 10. Nxe5 Nxe5 11. dxe5 Qxd1 12. Rxd1 Ne4 13. Bf4 Bf5 14. Nc3 Nxc3 15. bxc3 1/2-1/2